El espacio es música : modelo arquitectónico experimental para aplicar en la propuesta del proyecto Centro de Arte y Cultura de la Universidad Nacional en la Región Brunca
Uloženo v:
| Hlavní autor: | |
|---|---|
| Další autoři: | |
| Médium: | Neznámo |
| Jazyk: | Spanish |
| Vydáno: |
[San José,Costa Rica]
2013
|
| Témata: | |
| On-line přístup: | https://cedi.ucr.ac.cr/arquitectura/el-espacio-es-musica-modelo-arquitectonico-experimental-para-aplicar-en-la-propuesta-del-proyecto-centro-de-arte-y-cultura-de-la-universidad-nacional-en-la-region-brunca/ |
| Tagy: |
Přidat tag
Žádné tagy, Buďte první, kdo vytvoří štítek k tomuto záznamu!
|
MARC
| LEADER | 00000 a2200000 4500 | ||
|---|---|---|---|
| 003 | EA0052 | ||
| 005 | 20231005134048.0 | ||
| 008 | 140114s2013 cr a 000 ||spa d | ||
| 040 | |c cru CEDI | ||
| 090 | |a TFG EA-052 | ||
| 100 | |a Hernández Pridybailo, Víctor |9 20024 | ||
| 245 | |a El espacio es música : modelo arquitectónico experimental para aplicar en la propuesta del proyecto Centro de Arte y Cultura de la Universidad Nacional en la Región Brunca | ||
| 260 | |a [San José,Costa Rica] |c 2013 | ||
| 500 | |a Proyecto de graduación (licenciatura en arquitectura)--Universidad de Costa Rica. Facultad de Ingeniería. Escuela de Arquitectura, | ||
| 501 | |a Director de Proyecto de Graduación: Arq. Dr. Jafet Segura Amador, | ||
| 650 | |x UNIVERSIDAD NACIONAL (COSTA RICA).. SEDE REGION BRUNCA. CENTRO DE ARTE Y CULTURA |x MUSICA |x ESPACIO (ARQUITECTURA) |9 20025 | ||
| 700 | |9 67 |a Segura Amador, Jafet Guillermo, 1960- |d Director del TFG | ||
| 856 | |u https://cedi.ucr.ac.cr/arquitectura/el-espacio-es-musica-modelo-arquitectonico-experimental-para-aplicar-en-la-propuesta-del-proyecto-centro-de-arte-y-cultura-de-la-universidad-nacional-en-la-region-brunca/ |y https://cedi.ucr.ac.cr/arquitectura/el-espacio-es-musica-modelo-arquitectonico-experimental-para-aplicar-en-la-propuesta-del-proyecto-centro-de-arte-y-cultura-de-la-universidad-nacional-en-la-region-brunca/ | ||
| 942 | |c CEDI |2 ddc | ||
| 999 | |c 12926 |d 12926 | ||
